আহা টুনটুনি উহু ছোটাচ্চু / (Record no. 13305)
[ view plain ]
| 000 -LEADER | |
|---|---|
| fixed length control field | 00768nam a2200241 a 4500 |
| 001 - CONTROL NUMBER | |
| JCCL Control Number | 13305 |
| 003 - CONTROL NUMBER IDENTIFIER | |
| JCCL marc code | BD-JhCC |
| 005 - DATE AND TIME OF LATEST TRANSACTION | |
| control field | 20230819075728.0 |
| 008 - FIXED-LENGTH DATA ELEMENTS--GENERAL INFORMATION | |
| fixed length control field | 171004s2022 bg a|||| ||a| 00| 0 ben d |
| 020 ## - INTERNATIONAL STANDARD BOOK NUMBER | |
| International Standard Book Number | 9789849618294 |
| 035 ## - SYSTEM CONTROL NUMBER | |
| system control number | (BD-JhCC)13305 |
| 040 ## - CATALOGING SOURCE | |
| Original cataloging agency | BD-JhCC |
| Modifying agency | BD-JhCC |
| 041 ## - LANGUAGE CODE | |
| Language code of Book | bengali |
| 082 ## - DEWEY DECIMAL CLASSIFICATION NUMBER | |
| DDC Edition number | 23 |
| Classification number | 891.4435 |
| Author mark and Year | IQB 2022 |
| 100 ## - MAIN ENTRY--PERSONAL NAME | |
| Personal name | ইকবাল, মুহাম্মদ জাফর |
| 245 ## - TITLE STATEMENT | |
| Title | আহা টুনটুনি উহু ছোটাচ্চু / |
| Statement of responsibility, etc | মুহাম্মদ জাফর ইকবাল |
| 260 ## - PUBLICATION, DISTRIBUTION, ETC. (IMPRINT) | |
| Place of publication, distribution, etc | ঢাকা : |
| Name of publisher, distributor, etc | তাম্রলিপি; |
| Date of publication, distribution, etc | 2022. |
| 300 ## - PHYSICAL DESCRIPTION | |
| Pagination | 144 p. : |
| Other physical details | ill; |
| Dimensions | 22 cm. |
| 650 ## - SUBJECT ADDED ENTRY--TOPICAL TERM | |
| Topical term or geographic name as entry element | Bengali Short stories. |
| 651 ## - SUBJECT ADDED ENTRY--GEOGRAPHIC NAME | |
| Geographic name | Bangladesh |
| 942 ## - ADDED ENTRY ELEMENTS (KOHA) | |
| Source of classification or shelving scheme | Dewey Decimal Classification |
| Koha item type | Books |
| Koha issues (borrowed), all copies | 19 |
| Source of classification or shelving scheme | Damaged status | Not for loan | Home library | Current library | Shelving location | Date of accession | Cost, normal purchase price | Total Checkouts | Full call number | Barcode | Date last seen | Date checked out | Copy number | Method of acquisition | Koha item type | Currency |
|---|---|---|---|---|---|---|---|---|---|---|---|---|---|---|---|---|
| Dewey Decimal Classification | JCC Rouf Library | JCC Rouf Library | General Stacks | 225.00 | 6 | 891.4435 IQB 2022 | 18284 | 12/23/2025 | 11/04/2025 | C-1 | Purchase | Books | BDT |